00526nam a2200157Ia 450000500170000000800410001708200130005810000180007124500140008926000490010330000130015250000840016594200060024995200980025599900150035320250422043843.0240331s9999 xx 000 0 und d bPARa200 aParamasiven,T 0aSammayamm aChennaibThenthisai Pathipakam Pvt Ltdc2008 a128 p ., aSamaiyam Sarntha , Thaaitheiva valippadu nerigal, anbu nerikal padriya puthagam cL 001040708LaWERCLbWERCLcSSCd2024-03-31l0o 200.92 PARp6458r2024-03-31w2024-03-31yL c3561d3561